El Heroe, la dama y el clerigo : (Registro nro. 28887)

Detalles MARC
000 -CABECERA
Longitud fija campo de control 01003nam a2200205 a 4500
003 - • IDENTIFICADOR DELl NÚMERO DE CONTROL
Identificador del número de control CO-ViMGA
008 - • CÓDIGOS DE INFORMACIÓN DE LONGITUD FIJA
Códigos de información de longitud fija 141112s2004 ck r 000 u spa d
020 ## - • NÚMERO INTERNACIONAL NORMALIZADO PARA LIBROS
Número Internacional Normalizado para Libros (ISBN) 9587040341
040 ## - FUENTE DE LA CATALOGACIÓN
Centro catalogador de origen CO-ViMGA
Lengua de catalogación spa
Centro transcriptor CO-ViMGA
082 04 - • NÚMERO DE LA CLASIFICACIÓN DECIMAL DEWEY
Número de clasificación (R) 808.8 H376p
100 1# - • PUNTO DE ACCESO PRINCIPAL-NOMBRE DE PERSONA
Nombre de persona Pardo, Gloria
245 10 - • TITULO PROPIAMENTE DICHO
Título El Heroe, la dama y el clerigo :
Resto del título antología de literatura medieval
300 ## - • DESCRIPCIÓN FÍSICA
Extensión 151 p.
505 ## - • NOTA DE CONTENIDO CON FORMATO
Nota de contenido con formato Poesia Epica : Poema de Mio Cid, El cantar de los nibelungos Mester de Clerecia : Gonzalo de Berceo, Arcipreste de Hita Poesia Trovadoresca : Giraut de Bornelh, Bernart de Ventadorn, Chretien de Troyes, Ricardo Corazón de León, Heinrich von Veldehke, Hartmann von Aue, Hildegard von Bingen, Marguerite Porete Novela Caballeresco cortesana : Amadis de Gaula, Gottgried von Strassburg, maria de Francia
590 ## - NOTAS LOCALES
Nota local Forma de adquisición : Premio Mincultura
650 14 - • PUNTO DE ACCESO ADICIONAL DE MATERIA - TÉRMINO DE MATERIA
Término de materia o nombre geográfico como elemento inicial LITERATURA MEDIEVAL - COLECCIONES DE ESCRITOS
942 ## - ENTRADA DE ELEMENTOS AGREGADOS (KOHA)
Fuente de clasificaión o esquema Dewey Decimal Classification
Koha [por defecto] tipo de item LIbro
Existencias
Perdido Fuente de clasificación o esquema Estado Físico No para préstamo Forma de adquisición Localización permanente Localización actual Fecha adquisición Serie de enumeración / cronolog&íacute;a Préstamos totales Signatura completa Código de barras Fecha última consulta Fecha último préstamo Número de copia Fecha del precio de reemplazo Tipo de item de Koha Localización en estanterías Fuente de adquisición
  Dewey Decimal Classification     Sala General Segundo Piso Biblioteca Pública Germán Arciniegas - Villavicencio Biblioteca Pública Germán Arciniegas - Villavicencio 12/04/2015 Volumen. 1 | 11/jun/2009 4 808.8 H376p 19752 02/19/2019 02/13/2019 Ej. 1 12/04/2015 LIbro    
  Dewey Decimal Classification     Literatura General Biblioteca Pública Granada - Boca del Monte Biblioteca Pública Granada - Boca del Monte 03/02/2026     P PRA GRDA02147 03/02/2026   Ej.1 03/02/2026 LIbro Literatura BIBLIOTECA NACIONAL









Instituto Departamental de Cultura del Meta - Red Departamental de Bibliotecas Públicas del Meta.